Microbiology / (رقم التسجيلة. 14033)
[ عرض عادي ]
| 000 -الفاتح | |
|---|---|
| حقل البيانات ثابتة الطول | 00551nam a22001937a 4500 |
| 003 - محدد رقم الضبط | |
| رقم الضبط | OSt |
| 005 - وقت وتاريخ اخر تعامل مع التسجيلة | |
| رقم الضبط | 20150408113916.0 |
| 008 - عناصر البيانات ثابتة الطول - معلومات عامة | |
| حقل البيانات ثابتة الطول | 110904s 2009jo a | b 00| 0 eng d |
| 040 ## - مصدر الفهرسة | |
| وكالة النسخ | دار اجنادين |
| 082 ## - رقم تصنيف ديوى العشرى | |
| رقم الطبعة | 21 |
| رقم التصنيف | 579 |
| رقم المادة | S S M |
| 100 ## - المدخل الرئيسى - إسم شخصى | |
| الإسم الشخصى | Al-Shinawi, Sahar. |
| 9 (RLIN) | 3780 |
| 245 ## - بيان العنوان | |
| العنوان | Microbiology / |
| بيان المسئوليه,etc | Sahar Al-Shinawi, Osama Abu Khalid. |
| 250 ## - بيان الطبعة | |
| بيان الطبعة | 1st ed. |
| 260 ## - PUBLICATION, DISTRIBUTION, ETC. (IMPRINT) | |
| مكان الناشر او الموزع | Amman, Jordan : |
| اسم الناشر او الموزع | Almujtma arabe, |
| تاريخ النشر أو التوزيع | 2009 |
| 300 ## - الوصف المادى | |
| التعداد | 165 p . : |
| تفاصيل ماديه اخرى للوعاء | ill. : |
| أبعاد الوعاء | 24 cm. |
| 504 ## - تبصرة ببليوجرافية | |
| تبصرة ببليوجرافية,الخ | Includes referances. |
| 650 ## - المدخل الاضافى بالموضوع-مصطلح موضوعى | |
| مصطلح موضوعي أو اسم جغرافي كعنصر مدخل | Microbiology. |
| 9 (RLIN) | 3781 |
| 942 ## - عناصر المدخل الإضافي( كوها) | |
| مصدر التصنيف او مخطط الترفيف | Dewey Decimal Classification |
| Koha [default] item type | DVD |
| حالة الفقد | نموذج السعر الفعال | حالة تلف | ليس للاعارة | رقم الطلب | تاريخ الاكتساب | الموقع الحالي | الباركود | الفرع الرئيسي | Date last checked out | Date last seen | نوع المادة فى نظام كوها | مصدر التصنيف او خطة الترفيف | Total Checkouts |
|---|---|---|---|---|---|---|---|---|---|---|---|---|---|
| 2013-03-10 | 579 S S M | 2011-09-04 | مكتبة مجمع الطالبات بالمجمعة (EMF) | 00101885 | مكتبة مجمع الطالبات بالمجمعة (EMF) | 2014-09-02 | 2014-09-18 | كتاب | Dewey Decimal Classification | 1 | |||
| 2013-03-10 | 579 S S M | 2011-09-04 | مكتبة مجمع الطالبات بالمجمعة (EMF) | 00101887 | مكتبة مجمع الطالبات بالمجمعة (EMF) | 2013-03-10 | كتاب | Dewey Decimal Classification | |||||
| 2013-03-10 | 579 S S M | 2011-09-04 | مكتبة مجمع الطالبات بالمجمعة (EMF) | 00101886 | مكتبة مجمع الطالبات بالمجمعة (EMF) | 2013-03-10 | كتاب | Dewey Decimal Classification |
